Deux ans de vancances
Na minha lista:
| Autor principal: | |
|---|---|
| Formato: | Livro |
| Idioma: | Undetermined |
| Publicado em: |
France
CLE International
1997
|
| Assuntos: | |
| Tags: |
Adicionar Tag
Sem tags, seja o primeiro a adicionar uma tag!
|
MARC
| LEADER | 00000nam a2200000Ia 4500 | ||
|---|---|---|---|
| 008 | 170316s9999 xx 000 0 und d | ||
| 040 | |a cru BVZT | ||
| 090 | |a 840 V-16v | ||
| 100 | |a Verne, Jules | ||
| 245 | |a Deux ans de vancances | ||
| 260 | |a France | ||
| 260 | |b CLE International | ||
| 260 | |c 1997 | ||
| 300 | |a 63 páginas | ||
| 650 | |a LITERATURA FRANCESA | ||
| 650 | |a LECTURES CLE EN FRANÇAIS FACILE (LECTURA FÁCIL) | ||
| 999 | |c 8050 |d 8050 | ||
| 942 | |c 15 D |h 840 V-16v |2 z | ||
